Los traspiés de alicia paf /
Guardado en:
| Autor Principal: | |
|---|---|
| Otros Autores: | , |
| Formato: | Libro |
| Publicado: |
Buenos Aires :
Aique,
2013
|
| Edición: | 2a. reimp. |
| Series: | Sopa de libros
|
| Materias: | |
| Etiquetas: |
Agregar Etiqueta
Sin Etiquetas, Sea el primero en etiquetar este registro!
|
| LEADER | 01098nam a22002895a 4500 | ||
|---|---|---|---|
| 001 | CEM.cems015583 | ||
| 005 | 20191216160425.0 | ||
| 008 | 130507s2013##################000#0#####d | ||
| 003 | CEMS | ||
| 020 | |a 9789870262590 | ||
| 082 | 0 | 4 | |a 858.9 |
| 100 | 1 | |a Rodari, Gianni | |
| 245 | 1 | 0 | |a Los traspiés de alicia paf / |c Gianni Rodari ; ilustrado Por Montse Ginesta ; traducido Por Mario Merlino |
| 250 | |a 2a. reimp. | ||
| 260 | |a Buenos Aires : |b Aique, |c 2013 | ||
| 300 | |a 80 p. | ||
| 490 | 0 | |a Sopa de libros | |
| 500 | |a Título original: Le favolette di Alice | ||
| 505 | 0 | |a Alicia Paf -- Alicia en el mar -- Alicia en la pompa de jabón -- Alicia en las ilustraciones -- Alicia en el tintero -- Alicia cae en una luciérnaga -- Alicia en la torta -- Alicia en la pelota | |
| 653 | |a Literatura | ||
| 653 | |a Literatura italiana | ||
| 653 | |a Literatura infantil | ||
| 653 | |a Cuentos infantiles | ||
| 653 | |a Colección ciencias de la educación | ||
| 700 | 1 | |a Ginesta, Montse; il. | |
| 700 | 1 | |a Merlino, Mario; trad. | |
| 859 | |a CEMS |b BIB. CEMS - Ccias. Educacion |h 858.9 |i R611-2 |k CE |p 29005.19 |t Ej.1 | ||
